000 00535nam a2200217Ia 4500
003 OSt
005 20220928151700.0
006 a|||||r|||| 00| 0
007 ta
008 220927b |||||||| |||| 00| 0 eng d
024 _a130778
037 _cTextual
040 _aSDCL
_cSDCL
_beng
041 _2eng
_aeng
082 _aP15,Cx1,1,2, G.1-.2
100 _aPatanjali
245 0 _aVyakaranam mahabhasyam.
260 _c1938
942 _hP15,Cx1,1,2, G.1-.2
_cTEXL
_2CC
999 _c852803
_d852803